مكتبة جامعة عجلون الوطنية

فهرس بحث المكتبة

Normal view MARC view
  • Teach English-A training Course for teachers-English

Entry Topical Term

Number of records used in: 1

001 - CONTROL NUMBER

  • control field: 1542

003 - CONTROL NUMBER IDENTIFIER

  • control field: JO-AjAnu

005 - DATE AND TIME OF LATEST TRANSACTION

  • control field: 20230606070545.0

008 - FIXED-LENGTH DATA ELEMENTS

  • fixed length control field: 230606|| aca||aabn | a|a d

040 ## - CATALOGING SOURCE

  • Original cataloging agency: JO-AjAnu
  • Transcribing agency: JO-AjAnu

150 ## - HEADING--TOPICAL TERM

  • Topical term or geographic name entry element: Teach English-A training Course for teachers-English

670 ## - SOURCE DATA FOUND

  • Source citation: Work cat.: (JO-AjAnu)810: Doff,Adrian تاليف, author 1541, Teach English:A training Course for teachers